ARRUPE JESUIT UNIVERSITY

CORONAVIRUS -STOP THE SPREAD - CLEAN,DISINFECT,COVER
Normal view MARC view

Entry Geographic Name

Number of records used in: 1

001 - CONTROL NUMBER

  • control field: 28441

003 - CONTROL NUMBER IDENTIFIER

  • control field: ARRUPE

005 - DATE AND TIME OF LATEST TRANSACTION

  • control field: 20170123101347.0

008 - FIXED-LENGTH DATA ELEMENTS

  • fixed length control field: 170123|| aca||aabn | a|a d

040 ## - CATALOGING SOURCE

  • Original cataloging agency: ARRUPE
  • Transcribing agency: ARRUPE

151 ## - HEADING--GEOGRAPHIC NAME

  • Geographic name: Europe
  • General subdivision: Politics

670 ## - SOURCE DATA FOUND

  • Source citation: Work cat.: (ARRUPE)0: Strayer, Joseph R. (Joseph Reese), 1904-1987. 28440, On the medieval origins of the modern state,, 1970.

 

Arrupe Library. PO Box MP320 Mt Pleasant, Harare, Zimbabwe
263 242 745411|librarian@aju.ac.zw